| 000 | 00496nam a22001937a 4500 | ||
|---|---|---|---|
| 003 | NUST - PNEC | ||
| 005 | 20170116180755.0 | ||
| 008 | 150402b xxu||||| |||| 00| 0 eng d | ||
| 020 | _a1590301854 | ||
| 040 | _cLIBRARY | ||
| 082 | _a355.02 SUN | ||
| 100 |
_92034 _aCleary, Thomas F., 1949- |
||
| 245 |
_aThe art of war _cSun Tzu and Thomas Cleary |
||
| 250 | _a- | ||
| 260 |
_aLondon _bShambhala _cC 1988 |
||
| 300 | _a223 . : | ||
| 650 |
_92036 _aThe art of war _xGernal |
||
| 942 |
_2ddc _cBK |
||
| 999 |
_c62719 _d62719 |
||